000 03484cam a22012614i 4500
003 PE-LiUPU
005 20250813185439.0
008 150616s r 000 0 d
035 _a(Sirsi) a2568
040 _aPE-LiUPU
_bspa
_cPE-LiUPU
_erda
049 _aPRUA
082 0 4 _a375.5204185
_bT76
_221
100 1 _aTovar, Teresa,
_d1951-,
_eautor.
245 1 0 _aSer maestro :
_bcondiciones del trabajo docente en el Perú /
_cTeresa Tovar Samane, Luis C. Gorriti, Emilio Morillo.
264 1 _aLima :
_bDesco,
_c1989.
300 _a194 páginas :
_bilustraciones cuadros, diagrs., tablas ;
_c22 cm.
336 _atext
_2rdacontent
337 _aunmediated
_2rdamedia
338 _avolume
_2rdacarrier
504 _aIncluye bibliografía.
505 0 _aEl maestro y la educación primaria en el Perú -- Maestros y escuelas marginales -- Condiciones de trabajo del docente rural -- El trabajo del maestro en barrios marginales -- Matizando y discutiendo el caso peruano.
526 _aP202
526 _aP201
526 _aP163
526 _aP162
526 _aP161
526 _aP160
526 _aP148
526 _aP147
526 _aP146
526 _aP145
526 _aP144
526 _aP143
526 _aP142
526 _aP141
526 _aP140
526 _aP139
526 _aP138
526 _aP137
526 _aP136
526 _aP135
526 _aP134
526 _aP133
526 _aP129
526 _aP128
526 _aP127
526 _aP120
526 _aP119
526 _aP118
526 _aP116
526 _aP115
526 _aP114
526 _aP110
526 _aP109
526 _aP108
526 _aP104
526 _aP103
526 _aP102
526 _aP99
526 _aP98
526 _aP97
526 _aP96
526 _aP95
526 _aP93
526 _aP90
526 _aP89
526 _aP88
526 _aP83
526 _aP82
526 _aP62
526 _aP59
526 _aP58
526 _aP57
526 _aP51
526 _aP49
526 _aP48
526 _aP47
526 _aP29
526 _aP24
526 _aP20
526 _aP19
526 _aP17
526 _aP15
526 _aP14
526 _aP12
526 _aP10
526 _aP09
526 _aP08
526 _aP07
526 _aP06
526 _aP05
526 _aP04
526 _aP01
650 0 4 _aEducadores
_zPerú
_xCondiciones sociales.
650 0 4 _aEducación
_zPerú.
_91227
700 1 _aGorriti, Luis Carlos,
_eautor.
700 1 _aMorillo Miranda, Emilio,
_eautor.
910 _ajck
_bjvq
_cjck
942 _2ddc
_cBOOK
949 _a375.5204185 T76
_wDEWEY
_c1
_i36626
_lCCODEBUL1
_mBUL
_p00.00
_r0
_sY
_tBOOK
_u19921104
_xEDUCACION
_PP20
_0COMPRA
_o.STAFF. Colección General
949 _a375.5204185 T76
_wDEWEY
_c2
_i32762
_lCCODEBUL1
_mBUL
_p00.00
_r0
_sY
_tBOOK
_u19921104
_xEDUCACION
_PP20
_0COMPRA
_o.STAFF. Colección General
994 _aC0
_bPEPRU
596 _a1
999 _a375.5204185 T76
_wDEWEY
_c32627
_i36626
_f2021-11-8
_g5
_lCCODEBUL1
_mBUL
_r0
_sY
_tBOOK
_u2015-6-16
_xEDUCACION
_PP20
_0COMPRA
_o.STAFF. Colección General
_d32627
999 _a375.5204185 T76
_wDEWEY
_c2
_i32762
_f2021-11-8
_g5
_lCCODEBUL1
_mBUL
_r0
_sY
_tBOOK
_u2015-6-16
_xEDUCACION
_PP20
_0COMPRA
_o.STAFF. Colección General
980 _81
_gALBERTO SANCHEZ Responsable de Automatización